00560 2200217 4500001002100000005001800021008004100039020001800080035002400098090001000122100001500132245001800147260002300165300002600188650001800214700005000232850001500282999001500297999001500312999001500327YOGYA-0211000000653120110210124121855 ind  a979-8001-49-4 0010-021100000006531 a547.7 aCOWD, M.A. aKimia polimer aBandungbITBc1991 a103 hlm.;ilus.;21 cm. aKimia polimer aSTARK, J.G;FIRMAN, Harry;PADMAWINATA, Kosasih aYOPDYOG[B] a97P0095384 a97P0095383 a97P0095385